Statistics for Famous French Statespeople

Click here to take the quiz!

General Stats

  • This quiz has been taken 21 times
  • The average score is 11 of 15

Answer Stats

HintAnswer% Correct
General, president of the Fifth Republic and namesake of an airportCharles de Gaulle
100%
Sun king who supposedly said "L'état c'est moi"Louis XIV.
100%
Queen beheaded during the RevolutionMarie Antoinette
100%
Emperor, winner at Austerlitz and loser at WaterlooNapoléon Bonaparte
100%
Frankish king and first Holy Roman emperorCharlemagne
94%
French president since 2017Emmanuel Macron
94%
Dictator during the RevolutionMaximilien de Robespierre
94%
Clergyman, chief advisor to the king, and "Three Musketeers" villainCardinal Richelieu
88%
President 1981-1995François Mitterrand
88%
Took over the lead of the Front National from her similarly named fatherMarine le Pen
88%
Vichy leaderPhilippe Pétain
65%
Harsh negotiator at the Treaty of Versailles as French PMGeorges Clemenceau
41%
IMF director who stumbled over a sex scandal in 2011Dominique Strauss-Kahn
29%
His "Declaration" paved the way for the EEC and the EURobert Schuman
24%
Socialist PM, Jew and Buchenwald prisonerLéon Blum
18%

Score Distribution

Percentile by Number Answered

Percent of People with Each Score

Your Score History

You have not taken this quiz